| 000 | 01655cam a22003734i 4500 | ||
|---|---|---|---|
| 001 | 17806808 | ||
| 005 | 20221230191106.0 | ||
| 008 | 130710s2013 dcua b 000 0 eng | ||
| 906 |
_a7 _bcbc _corignew _d1 _eecip _f20 _gy-gencatlg |
||
| 925 | 0 |
_aacquire _b2 shelf copies _xpolicy default |
|
| 955 |
_drm03 2013-07-10 _wxl06 2013-08-20 _fre06 2014-4-7 to CALM |
||
| 010 | _a 2013023649 | ||
| 020 | _a9781610914239 (cloth : alk. paper) | ||
| 020 | _a1610914236 (cloth : alk. paper) | ||
| 040 |
_aDLC _beng _cDLC _erda _dDLC |
||
| 041 | 1 |
_aeng _hdan |
|
| 042 | _apcc | ||
| 050 | 0 | 0 |
_aHT166 _b.G43713 2013 |
| 082 | 0 | 0 |
_a307.1/216 _223 |
| 100 | 1 |
_aGehl, Jan, _d1936- |
|
| 240 | 1 | 0 |
_aBylivsstudier. _lEnglish |
| 245 | 1 | 0 |
_aHow to study public life / _cby Jan Gehl and Birgitte Svarre ; translation by Karen Ann Steenhard. |
| 264 | 1 |
_aWashington : _bIsland Press, _c[2013] |
|
| 300 |
_axiii, 179 pages : _bcolored illustrations ; _c27 cm. |
||
| 336 |
_atext _2rdacontent |
||
| 337 |
_aunmediated _2rdamedia |
||
| 338 |
_avolume _2rdacarrier |
||
| 500 | _aTranslation of the author's Bylivsstudier. | ||
| 504 | _aIncludes bibliographical references (p. 172-177). | ||
| 505 | 0 | _aPublic space, public life: an interaction -- Who, what, where? -- Counting, plotting, tracking and other tools -- Public life studies in a historic perspective -- How they did it : research notes -- How they did it : public life studies in practice -- Public life studies and urban policy. | |
| 650 | 0 | _aCity planning. | |
| 650 | 0 |
_aPublic spaces _xSocial aspects. |
|
| 700 | 1 | _aSvarre, Birgitte. | |
| 999 |
_c11120 _d11120 |
||